000 00244nam a22000977a 4500
999 _c11721
_d11721
008 200110b ||||| |||| 00| 0 eng d
020 _a0590338498
100 _aBridwell Norman
_97411
245 _aClifford's Family
260 _aNew York
_bScholastic